Powiaty województwa warmińsko-mazurskiego z mapą - Statystyki

Ogólne statystyki
  • Ten quiz został rozwiązany 26 118 razy
  • Średni wynik to 13 z 21
Odpowiedzi na mapie
Odpowiedzi zakodowano w zielono-czerwonej skali na mapie do tego quizu, zgodnie z poniższymi procentami.
 
Statystyki odpowiedzi
Powiat % Poprawnych
Olsztyn
99%
olsztyński
95%
Elbląg
92%
elbląski
89%
ełcki
74%
giżycki
67%
iławski
67%
mrągowski
65%
bartoszycki
62%
gołdapski
61%
ostródzki
61%
braniewski
56%
kętrzyński
55%
piski
54%
węgorzewski
52%
lidzbarski
51%
nidzicki
51%
działdowski
50%
olecki
47%
nowomiejski
46%
szczycieński
44%
Nie znaleziono quizów pasujących do podanych kryteriów
Rozkład punktacji
Procent ludzi z każdym wynikiem
Percentyl według liczby udzielonych odpowiedzi
Twoja historia wyników
Nie rozwiązałeś tego quizu